000 00369nam a2200133Ia 4500
008 240624s9999 xx 000 0 und d
041 _aeng
082 _a338.27282 LEV
100 _aGKANOUTAS LEVENTIS ANGELOS
245 _aSPIKES AND SHOCKS THE FINANCIALISATION O
260 _c2017
_aLondon
_bPalgrave Macmillan
300 _axiii, 157 p.; 23 cm.
365 _cERU
_b38
999 _c31613
_d31613